| 000 | 01160nam0a22003491 4500 | ||
|---|---|---|---|
| 001 | v19\rc\1402971 | ||
| 005 | 20250618122515.0 | ||
| 035 | _a(NLR Aleph) 004564312 | ||
| 090 |
_a2315727 _c2315727 |
||
| 100 | _a20060512d1874 |||y0rusy50 ca | ||
| 101 | 1 |
_arus _cund |
|
| 102 | _aRU | ||
| 105 | _ay z ||||| | ||
| 200 | 1 |
_aНачала уголовной психологии для врачей и юристов _f[Соч.] Д-ра Крафт-Эбинга _gПер. В. Лицкого |
|
| 210 |
_aСанкт-Петербург _cтип. П.П. Меркульева _d1874 |
||
| 215 |
_a[2], 144 с. _d20 |
||
| 700 | 1 |
_9z01790 _aКраффт-Эбинг _bР. _f1840-1902 _gРихард |
|
| 702 | 1 |
_aЛицкой _bВ. _4730 |
|
| 790 | 1 |
_9z01700 _aЭбинг _bР. _f1840-1902 _gРихард |
|
| 801 | 0 |
_aRU _bNLR _gpsbo |
|
| 801 | 0 |
_aRU _bRuMoRGB _2psbo |
|
| 801 | 1 |
_aRU _bProSoft-M _2rusmarc |
|
| 852 |
_aNLR _j18.30.9.11 |
||
| 852 |
_aNLR _j130/5417 |
||
| 899 |
_aRuMoRGB _jB 12/152 |
||
| 899 |
_aRuMoRGB _jB 63/353 |
||
| 899 |
_aRuMoRGB _jФ 1-79/12325 |
||
| 899 | _aБАН | ||
| 899 | _aНБ СПбГУ | ||
| 899 | _aНБ МГУ | ||
| 942 | _cBOOK | ||
| 980 | _aNB | ||